Ресурсоэффективное использование тяжелых фракций совместно с депрессорами для получения низкозастывающих дизельных топлив; Перспективы развития фундаментальных наук; Т. 2 : Химия
| Parent link: | Перспективы развития фундаментальных наук=Prospects of Fundamental Sciences Development: сборник научных трудов XХII Международной конференции студентов, аспирантов и молодых ученых, г. Томск, 22-25 апреля 2025/ Национальный исследовательский Томский политехнический университет ; под ред. И. А. Курзиной [и др.].— .— Томск: Изд-во ТПУ Т. 2 : Химия.— 2025.— С. 157-159 |
|---|---|
| Hovedforfatter: | |
| Andre forfattere: | |
| Summary: | Заглавие с экрана In this paper, the low-temperature properties of diesel fuel are analyzed when the concentration of a depressant additive changes and a weighting component is added. The analysis was carried out taking into account the molecular weight distribution of n-paraffins in the initial samples of diesel fuel and the weighting component. The concentration of a depressant additive and a weighting component has been established, with the introduction of which it is possible to observe a maximum improvement in the low-temperature properties of diesel fuel Текстовый файл |
| Sprog: | russisk |
| Udgivet: |
2025
|
| Fag: | |
| Online adgang: | http://earchive.tpu.ru/handle/11683/132852 |
| Format: | MixedMaterials Electronisk Book Chapter |
| KOHA link: | https://koha.lib.tpu.ru/cgi-bin/koha/opac-detail.pl?biblionumber=682451 |
MARC
| LEADER | 00000naa2a2200000 4500 | ||
|---|---|---|---|
| 001 | 682451 | ||
| 005 | 20251103133057.0 | ||
| 090 | |a 682451 | ||
| 100 | |a 20251019d2025 k||y0rusy50 ca | ||
| 101 | 0 | |a rus | |
| 102 | |a RU | ||
| 135 | |a drcn ---uucaa | ||
| 200 | 1 | |a Ресурсоэффективное использование тяжелых фракций совместно с депрессорами для получения низкозастывающих дизельных топлив |d Resource-efficient use of heavy fractions in conjunction with depressants to produce low-freezing diesel fuels |f М. В. Ламок, А. О. Ефанова |g науч. рук. А. О. Ефанова |z eng | |
| 300 | |a Заглавие с экрана | ||
| 320 | |a Список литературы: 4 назв | ||
| 330 | |a In this paper, the low-temperature properties of diesel fuel are analyzed when the concentration of a depressant additive changes and a weighting component is added. The analysis was carried out taking into account the molecular weight distribution of n-paraffins in the initial samples of diesel fuel and the weighting component. The concentration of a depressant additive and a weighting component has been established, with the introduction of which it is possible to observe a maximum improvement in the low-temperature properties of diesel fuel | ||
| 336 | |a Текстовый файл | ||
| 461 | 1 | |0 682243 |t Перспективы развития фундаментальных наук |l Prospects of Fundamental Sciences Development |o сборник научных трудов XХII Международной конференции студентов, аспирантов и молодых ученых, г. Томск, 22-25 апреля 2025 |9 682243 |c Томск |n Изд-во ТПУ |f Национальный исследовательский Томский политехнический университет ; под ред. И. А. Курзиной [и др.] | |
| 463 | 1 | |0 682251 |9 682251 |t Т. 2 : Химия |d 2025 |u conference_tpu-2025-C21_V2.pdf |v С. 157-159 |l Vol. 2 : Chemistry | |
| 610 | 1 | |a труды учёных ТПУ | |
| 610 | 1 | |a электронный ресурс | |
| 610 | 1 | |a diesel fuel | |
| 610 | 1 | |a depressant additive | |
| 610 | 1 | |a weighting component | |
| 610 | 1 | |a concentration | |
| 610 | 1 | |a low-temperature properties | |
| 700 | 1 | |a Ламок |b М. В. | |
| 701 | 1 | |a Ефанова |b А. О. |c химик |c инженер Томского политехнического университета |f 2000- |g Альвина Олеговна |9 23105 | |
| 702 | 1 | |a Ефанова |b А. О. |c химик |c инженер Томского политехнического университета |f 2000- |g Альвина Олеговна |4 727 | |
| 801 | 0 | |a RU |b 63413507 |c 20251019 |g RCR | |
| 856 | 4 | |z http://earchive.tpu.ru/handle/11683/132852 |u http://earchive.tpu.ru/handle/11683/132852 | |
| 942 | |c CF | ||